zpět

Detail výsledku týmu

Triple Bar, Přelouč

Datum a čas kvízu

27.5 Celkem bodů Celkový počet nahraných bodů na tomto kvízu bez doplňovacích otázek.
10. Pořadí na kvízu Konečné umístění týmu na tomto kvízu.

Zaznamenané odpovědi

# Otázka Odpověď Body Výsledky
1. U jednoho nově otevřeného obch... pro ženy 1
2. Britský královský pár minulou... Řím 1
3. Minulý týden byl představen tr... Mission Impossible; Poslední zúčtování/ The Final Reckoning 0
4. Americká genetická společnost... Hra o trůny, pravlk 1
5. Ve středu začalo hokejové mist... České Budějovice 1
6. Termín Velikonoc, tedy neděle... v Turecku 0
7. S Velikonocemi je spojena řada... o kříž 1
8. Velký pátek je v České republi... 2016 (2015–2017) 1
9. Jak se jmenuje pohanský svátek... D 0
10. Australané nejsou vzhledem k t... bandikut (králíkovitý) 0